I am the door and other sermons. (Record no. 12019)

000 -LEADER
fixed length control field 00655nam a2200193 a 4500
001 - CONTROL NUMBER
control field :::00009821$&:&@@
003 - CONTROL NUMBER IDENTIFIER
control field OkBaRHE
005 - DATE AND TIME OF LATEST TRANSACTION
control field 20000607103353.0
008 - FIXED-LENGTH DATA ELEMENTS--GENERAL INFORMATION
fixed length control field s1967 j 000 0 eng u
040 ## - CATALOGING SOURCE
Transcribing agency
100 1# - MAIN ENTRY--PERSONAL NAME
Personal name Greene, Oliver B.
245 10 - TITLE STATEMENT
Title I am the door and other sermons.
260 ## - PUBLICATION, DISTRIBUTION, ETC. (IMPRINT)
Place of publication, distribution, etc Greenville, SC., :
Name of publisher, distributor, etc The Gospel Hour, Inc.
Date of publication, distribution, etc c1967
300 ## - PHYSICAL DESCRIPTION
Extent 171 p. ;
Dimensions 20 cm.
650 ## - SUBJECT ADDED ENTRY--TOPICAL TERM
Topical term or geographic name as entry element Sermons, American
942 ## - ADDED ENTRY ELEMENTS (KOHA)
Source of classification or shelving scheme
Koha item type Books
Copies
Copy number Price effective from Date last seen Permanent Location Koha item type Withdrawn status Source of classification or shelving scheme Full call number Damaged status Date acquired Not for loan Barcode Shelving location Lost status
12010-04-142010-04-14RHEMA Bible Training CollegeBooks  BV 4241 .G712 2010-04-14 9821General Stacks 
22010-04-142010-04-14RHEMA Bible Training CollegeBooks  BV 4241 .G712 2010-04-14 20479General Stacks